000 00674nam a2200289Ia 4500
005 20260324113140.0
008 008 260324s9999 xx 000 0 eng d
020 _a9780429424809
037 _aEBOOK
040 _aCRL
040 _beng
040 _cCRL
041 _2eng
041 _aeng
084 _qCRL
100 _aJavier Fernández-Sebastián
_91145614
245 0 _aKey Metaphors for History
245 0 _bMirrors of Time
260 _bTaylor and Francis
260 _c2024
365 _a
365 _b230
856 _uhttp://www.taylorfrancis.com/books/9780429424809
942 _cEBOOK
999 _c1735114
_d1735114